Indira Bai: (Record no. 167327)

MARC details
000 -LEADER
fixed length control field 00705nam a22002177a 4500
005 - DATE AND TIME OF LATEST TRANSACTION
control field 20220217143010.0
010 ## - LCCN (DPL NO)
LC control number ENG-126351
020 ## - INTERNATIONAL STANDARD BOOK NUMBER
International Standard Book Number 978-0-19-949285-5
Terms of availability 695.00
035 ## - SYSTEM CONTROL NUMBER
System control number EN-109883
037 ## - SOURCE OF ACQUISITION
Source of stock number/acquisition DBAD/PUB
082 ## - DEWEY DECIMAL CLASSIFICATION NUMBER
Classification number N
100 ## - MAIN ENTRY--PERSONAL NAME
Personal name Rao,Gulvadi Venkata
245 ## - TITLE STATEMENT
Title Indira Bai:
Remainder of title The Triumph of Truth and Virtue/
Statement of responsibility, etc by Gulvadi Venkata Rao; translated by Vanamala Viswanatha [and] Shivarama Padikkal
260 ## - PUBLICATION, DISTRIBUTION, ETC. (IMPRINT)
Place of publication, distribution, etc New Delhi
Name of publisher, distributor, etc Oxford University Press
Date of publication, distribution, etc 2019
270 ## - ADDRESS
City Daryaganj
Postal code 110002
Address 2/11 Ground Floor, Ansari Road
300 ## - PHYSICAL DESCRIPTION
Extent xxxi232p.
Dimensions 22cm(pbk)
650 ## - SUBJECT ADDED ENTRY--TOPICAL TERM
Topical term or geographic name as entry element ENGLISH NOVEL
700 ## - ADDED ENTRY--PERSONAL NAME
Personal name Viswanatha, Vanamala
700 ## - ADDED ENTRY--PERSONAL NAME
Personal name Padikkal, Shivarama
942 ## - ADDED ENTRY ELEMENTS (KOHA)
Source of classification or shelving scheme Dewey Decimal Classification
Item type English Books
Classification part N
Call number suffix RAO
Holdings
Withdrawn status Lost status Not for loan Collection code Home library Current library Date acquired Source of acquisition Cost, normal purchase price Full call number Barcode Copy number Cost, replacement price Koha item type
      Fiction Ashok Vihar Ashok Vihar 28/08/2019 DBAD/PUB 695.00 N RAO EN-109883 1 695.00 English Books

© Delhi Public Library
Hit Counter
free hit counter